| 000 | 00526nam a2200181Ia 4500 | ||
|---|---|---|---|
| 005 | 20250508151120.0 | ||
| 008 | 008 250505s9999 xx 000 0 hin d | ||
| 037 | _aTextual | ||
| 040 |
_aFEDL _beng _cFEDL |
||
| 041 |
_ahin _2eng |
||
| 084 |
_a309.147, TOL _qFEDL |
||
| 100 |
_aBhatnagar Bakey Bihari Tr. _9758444 |
||
| 245 | 0 | _aHum kare kya ? : Tolstoy ke what shall we don then? namak granth ka aunvad | |
| 260 | _c1952 | ||
| 300 | _a368p. | ||
| 942 |
_cTEXL _h309.147, TOL |
||
| 999 |
_c1327670 _d1327670 |
||